| 000 | 00653nam a22002177a 4500 | ||
|---|---|---|---|
| 999 |
_c11626 _d11626 |
||
| 003 | AR-CdUCM | ||
| 008 | 190404b ||||| |||| 00| 0 spa d | ||
| 040 |
_aMUNICIPALIDAD PROVINCIAL DEL CUSCO _cBIBLIOTECA MUNICIPAL DEL CUSCO |
||
| 082 |
_a869.56 / _bG15C / 1933 |
||
| 100 |
_aGallegos Sanz, M. _929084 |
||
| 245 |
_aCaima : _bVersos / |
||
| 260 |
_aArequipa : _bPortugal, _c1933. |
||
| 300 |
_a164 páginas ; _bilustraciones, _c19 cm. |
||
| 505 | _aContenido: Poesías. | ||
| 650 |
_aPoesías _92272 |
||
| 650 |
_aSiglo XX _98 |
||
| 650 |
_aLiteratura Peruana _9132 |
||
| 650 |
_aArequipa _91703 |
||
| 942 |
_2ddc _cLIBROS |
||
| 945 |
_aachl _d2019-04-04 |
||